000 01977nam a22004457a 4500
003 CHAP
005 20220329135708.0
008 971013s1976 r 00010 d
010 _a40703
011 _a41675
035 _a45801
040 _cCHAP
082 _a630.71
_bE53p 1976
110 _aENA. Departamento de Fitotecnia
_936693
245 _aAnteproyecto de reestructuración del plan de estudios de la especialidad de Fitotecnia
260 _aChapingo, Méx. :
_bENA,
_c1976
300 _a85 p.
590 _aBATCH-UPD
_b10
_c20130110
_lUCH01
_h0007
590 _aBATCH-UPD
_b10
_c20130110
_lUCH01
_h1959
590 _aBATCH-UPD
_b10
_c20130410
_lUCH01
_h1319
590 _aBATCH-UPD
_b10
_c20130914
_lUCH01
_h1136
590 _aCONVERSION
_b10
_c20130109
_lUCH01
_h1322
650 1 4 _aEducación agrícola
_zMéxico.
_935552
650 1 4 _aPlantas
_xMejoramiento
_xEstudio y Enseñanza.
_988853
700 0 _aCurtis Patiño, Jorge Francisco.
_930722
700 0 _aEscalante Rebolledo, Edgardo Ramiro.
_937406
700 0 _aMortera Gutiérrez, Rebeca S.
_978958
901 _aBK
942 _cLIBRO
949 _a630.71 E53p 1976
_bBC
_cLIBRO
_d33724000032751
_eLIBRO
_fc.3
_h42431
_i45801
_si
949 _a630.71 E53p 1976
_bBC
_cLIBRO
_d33724000032769
_eLIBRO
_fc.5
_h42433
_i45801
_si
949 _a630.71 E53p 1976
_bBC
_cLIBRO
_d33724000032777
_eLIBRO
_fc.8
_h42436
_i45801
_si
949 _a630.71 E53p 1976
_bBC
_cLIBRO
_d33724000033114
_eLIBRO
_fc.4
_h42432
_i45801
_si
949 _a630.71 E53p 1976
_bBC
_cLIBRO
_d33724000033205
_eLIBRO
_fc.7
_h42435
_i45801
_si
949 _a630.71 E53p 1976
_bBC
_cLIBRO
_d33724000033247
_eLIBRO
_h42429
_i45801
_si
949 _a630.71 E53p 1976
_bBC
_cLIBRO
_d33724000033254
_eLIBRO
_fc.6
_h42434
_i45801
_si
949 _a630.71 E53p 1976
_bBC
_cLIBRO
_d33724000033262
_eLIBRO
_fc.2
_h42430
_i45801
_si
949 _a630.71 E53p 1976
_bBC
_cLIBRO
_d33724000033270
_eLIBRO
_fc.9
_h42437
_i45801
_si
949 _a630.71 E53p 1976
_bBC
_cUACH
_d-104532
_eUACH
_fc.10
_h42439
_i45801
_si
999 _c40703
_d40703